=LDR 00000nam 2200000 4500 =001 INLIS000000001052355 =005 20240827085510 =035 ##$$a 0010-0824000173 =007 ta =008 240827################a##########1###### =020 ##$$a 978-89-6509-700-6 =082 ##$$a 028.55 =084 ##$$a 028.55 JIN p =100 #$$a Jin Seon-ju =245 1#$$a Perjalanan boneka kertas ke bulan /$c Jin Seon-ju =260 ##$$a Tongkeun World :$b Gyeonggi-do =300 ##$$a 29 hlm : $b ilus ; $c 22,3 x 23,2 cm =650 #4$$a Bacaan Kanak-kanak =990 ##$$a 17461746